Logistika chemického tovaru

Preprava chemikálií si vyžaduje dodržiavanie zákonných noriem, ktoré sú dané predovšetkým Európskou dohodou o medzinárodnej cestnej preprave nebezpečného tovaru ADR (Accord Dangereuses Route).

Enregistré dans:
Détails bibliographiques
Auteur principal: Stoličný, Roman
Format: Chapitre de livre
Langue:slovaque
Sujets:
Tags: Ajouter un tag
Pas de tags, Soyez le premier à ajouter un tag!

MARC

LEADER 00000naa a2200000 4500
001 0168451
005 20220725111446.9
041 0 |a slo 
044 |a SK 
245 1 0 |a Logistika chemického tovaru  |c Roman Stoličný 
520 |a Preprava chemikálií si vyžaduje dodržiavanie zákonných noriem, ktoré sú dané predovšetkým Európskou dohodou o medzinárodnej cestnej preprave nebezpečného tovaru ADR (Accord Dangereuses Route). 
610 2 0 |a doprava 
610 2 0 |a logistika 
610 2 0 |a preprava 
610 2 0 |a látky nebezpečné 
610 2 0 |a látky chemické 
610 2 0 |a systémy informačné logistické 
610 2 0 |a bezpečnosť dopravy 
100 1 |a Stoličný, Roman